000 00325 a2200133 4500
000 nam a22 7a 4500
100 _aAggie Hirst
110 _aAggie Hirst
245 _aPolitics of Play
250 _alatest edition
260 _boxford university press
_c2024
264 _boxford university press
_c2024
942 _cBK
999 _c395324
_d395324